Bệnh nội tiết chuyển hóa đái tháo đường

Salvato in:
Dettagli Bibliografici
Autore principale: Nguyễn, Huy Cường
Natura: Libro
Lingua:Undetermined
Pubblicazione: Hà Nội Y học 2005
Soggetti:
Tags: Aggiungi Tag
Nessun Tag, puoi essere il primo ad aggiungerne! !
Thư viện lưu trữ: Trung tâm Học liệu Trường Đại học Cần Thơ
LEADER 00611nam a2200205Ia 4500
001 CTU_97290
008 210402s9999 xx 000 0 und d
020 |c 30000 
082 |a 616.462 
082 |b C561 
100 |a Nguyễn, Huy Cường 
245 0 |a Bệnh nội tiết chuyển hóa đái tháo đường 
245 0 |c Nguyễn Huy Cường 
260 |a Hà Nội 
260 |b Y học 
260 |c 2005 
650 |a Diabetes,Endocrine glands 
650 |x Complications,Diseases 
904 |i Minh(Tuyến) 
980 |a Trung tâm Học liệu Trường Đại học Cần Thơ